000 00674nam a22001937a 4500
999 _c164124
_d164124
005 20190510163154.0
010 _aUR-10096
020 _c400.00
_a9789386624611
035 _aU-8651
037 _bDBAD/PUB
082 _aک
100 _aنقو ی نقشبند قمر بخا ر ی
245 _aخو نی آ د م خو ر شير
_cنقو ی نقشبند قمر بخا ر ی
246 _bKhooni (Urdu)
_aby Naqshband Qamar Naqvi
260 _a Delhi
_bEducational Publishing House
_c2017 ء
270 _a3191،Vakil Street,Kucha Pandit,Lal Kuan,
_bDelhi
_e110006
_k23216162
_l00911123211540
300 _a164ص
_c22 Cm.(bk)
942 _2ddc
_cUR
_hک
_mن ق و